| 000 | 00603cam a22002052 4500 | ||
|---|---|---|---|
| 001 | 0000019901 | ||
| 005 | 20151217154436.0 | ||
| 008 | 110309s xx 000 0 eng d | ||
| 020 | _a8180385032 : | ||
| 040 |
_aKABU _cKABU |
||
| 100 | 1 |
_aBuckley, Richard A. _@0000179889 |
|
| 245 | 1 | 0 |
_aBuckley : _bthe law of negligence / _cRichard A Buckley. |
| 250 | _a4th ed. | ||
| 260 |
_aAustralia : _bButterworths, _c2007. |
||
| 300 | _acii, 669 p. | ||
| 650 | 0 |
_aNegligence _zGreat Britain. _@0000179890 |
|
| 852 | 1 | _9p3568 KES | |
| 908 | _a110309 | ||
| 950 | _@1 | ||
| 999 |
_c11293 _d11293 |
||